[Event "Orlova op 14th"]
[Site "Orlova"]
[Date "2017.05.24"]
[Round "5"]
[White "Szotkowski, David"]
[Black "Lipus, Drahomir"]
[Result "1-0"]
[WhiteElo "1791"]
[BlackElo "1568"]
[PlyCount "69"]
[EventDate "2017.05.20"]
[EventType "swiss"]
[EventRounds "9"]
[EventCountry "CZE"]
[SourceTitle "CBM 178 Extra"]
[Source "ChessBase"]
[SourceDate "2017.06.22"]
[SourceVersion "1"]
[SourceVersionDate "2017.06.22"]
[SourceQuality "1"]

1. d4 Nf6 2. c4 e6 3. Nf3 Bb4+ 4. Bd2 Qe7 5. Nc3 c5 6. e3 Bxc3 7. Bxc3 Ne4 8. Bd3 Nxc3 9. bxc3 0-0 10. 0-0 d6 11. Qc2 g6 12. a4 a5 13. Rab1 Nd7 14. e4 e5 15. Rfd1 Rb8 16. Bf1 b6 17. Qd3 Ba6 18. dxe5 Nxe5 19. Qxd6 Nxf3+ 20. gxf3 Qg5+ 21. Qg3 Qe7 22. Rd6 Qa7 23. Rbd1 Bc8 24. Bh3 Bxh3 25. Qxh3 Qe7 26. Qg3 Rfd8 27. Kg2 Qe8 28. Rd7 Rxd7 29. Rxd7 Rd8 30. Rd5 Rxd5 31. cxd5 Qxa4 32. Qb8+ Kg7 33. Qe5+ Kg8 34. Qe7 Qd1 35. d6 1-0

[Event "Orlova op 14th"]
[Site "Orlova"]
[Date "2017.05.22"]
[Round "3"]
[White "Maroszczyk, Wieslaw"]
[Black "Lipus, Drahomir"]
[Result "1-0"]
[WhiteElo "1914"]
[BlackElo "1568"]
[PlyCount "35"]
[EventDate "2017.05.20"]
[EventType "swiss"]
[EventRounds "9"]
[EventCountry "CZE"]
[SourceTitle "CBM 178 Extra"]
[Source "ChessBase"]
[SourceDate "2017.06.22"]
[SourceVersion "1"]
[SourceVersionDate "2017.06.22"]
[SourceQuality "1"]

1. d4 Nf6 2. Nf3 e6 3. Bg5 h6 4. Bh4 g5 5. Bg3 d5 6. e3 c5 7. c3 b6 8. Nbd2 Bg7 9. Ne5 a6 10. h4 Ne4 11. Nxe4 dxe4 12. hxg5 Qxg5 13. Bh4 Qf5 14. g4 Qh7 15. dxc5 Nd7 16. Nxd7 Bxd7 17. Qd6 Bc8 18. Qc7 1-0

[Event "Orlova op 14th"]
[Site "Orlova"]
[Date "2017.05.20"]
[Round "1"]
[White "Lipus, Drahomir"]
[Black "Czerw, Dawid"]
[Result "0-1"]
[WhiteElo "1568"]
[BlackElo "2176"]
[PlyCount "62"]
[EventDate "2017.05.20"]
[EventType "swiss"]
[EventRounds "9"]
[EventCountry "CZE"]
[SourceTitle "CBM 178 Extra"]
[Source "ChessBase"]
[SourceDate "2017.06.22"]
[SourceVersion "1"]
[SourceVersionDate "2017.06.22"]
[SourceQuality "1"]

1. d4 g6 2. c4 Bg7 3. Nc3 c5 4. d5 Bxc3+ 5. bxc3 f5 6. g3 Qa5 7. Qc2 Nf6 8. Bg2 d6 9. Bd2 Nbd7 10. Nh3 Nb6 11. Qb3 Qa6 12. Qb5+ Qxb5 13. cxb5 Nbxd5 14. c4 Nb6 15. Rc1 Rb8 16. 0-0 Be6 17. Rfe1 Bxc4 18. Bh6 Bxb5 19. e4 fxe4 20. Bxe4 Nxe4 21. Rxe4 Kd7 22. Bg7 Rhg8 23. Bh6 Nd5 24. Ng5 Nf6 25. Rf4 Bc6 26. Re1 b5 27. a3 a5 28. Nf7 Bd5 29. Ng5 b4 30. Nf3 bxa3 31. Ra4 Bxf3 0-1

[Event "Karvina op"]
[Site "Karvina"]
[Date "2016.07.09"]
[Round "8"]
[White "Lipus, Drahomir"]
[Black "Stehlik, Jiri"]
[Result "0-1"]
[WhiteElo "1513"]
[BlackElo "1955"]
[PlyCount "87"]
[EventDate "2016.07.02"]
[EventType "swiss"]
[EventRounds "9"]
[EventCountry "CZE"]
[SourceTitle "EXT 2017"]
[Source "ChessBase"]
[SourceDate "2016.10.25"]
[SourceVersion "1"]
[SourceVersionDate "2016.10.25"]
[SourceQuality "1"]

1. d4 Nf6 2. c4 g6 3. Nc3 Bg7 4. e4 d6 5. Be2 0-0 6. Be3 Nbd7 7. h3 e5 8. d5 Nc5 9. Qc2 a5 10. Nf3 Ne8 11. 0-0 f5 12. Bg5 Nf6 13. Nd2 h6 14. Bh4 g5 15. Bg3 f4 16. Bh2 g4 17. hxg4 Nxg4 18. Bxg4 Bxg4 19. f3 Bd7 20. Nb3 b6 21. Nxc5 bxc5 22. b3 Bf6 23. Kf2 Bh4+ 24. Ke2 Qg5 25. Kd3 Kh7 26. Rg1 Rg8 27. Rad1 Rg7 28. Rd2 Rag8 29. Nb5 Qh5 30. Qd1 Bd8 31. Rh1 Qe8 32. Qf1 Bxb5 33. cxb5 Qxb5+ 34. Kc2 Qxf1 35. Rxf1 Rxg2 36. Rff2 Rxf2 37. Rxf2 Bh4 38. Rd2 Bg3 39. Bg1 Kg6 40. Rg2 Kf7 41. Bf2 h5 42. Bxg3 fxg3 43. Kd2 h4 44. Ke2 0-1

[Event "Karvina op"]
[Site "Karvina"]
[Date "2016.07.04"]
[Round "3"]
[White "Sawicki, Mikolaj"]
[Black "Lipus, Drahomir"]
[Result "1/2-1/2"]
[WhiteElo "1987"]
[BlackElo "1513"]
[PlyCount "46"]
[EventDate "2016.07.02"]
[EventType "swiss"]
[EventRounds "9"]
[EventCountry "CZE"]
[SourceTitle "EXT 2017"]
[Source "ChessBase"]
[SourceDate "2016.10.25"]
[SourceVersion "1"]
[SourceVersionDate "2016.10.25"]
[SourceQuality "1"]

1. e4 c5 2. Nf3 e6 3. d3 Nc6 4. g3 d6 5. Bg2 Nf6 6. 0-0 Be7 7. Re1 Qc7 8. Nbd2 0-0 9. c3 e5 10. Nf1 Be6 11. Qe2 Rad8 12. h4 h6 13. N3h2 Qd7 14. Bd2 Rfe8 15. Rad1 Bxa2 16. g4 Nh7 17. h5 Bg5 18. Ng3 Be6 19. Rf1 Bxd2 20. Rxd2 Ng5 21. Nf5 d5 22. Rdd1 d4 23. c4 Kh7 1/2-1/2

[Event "Orlova op 13th"]
[Site "Orlova"]
[Date "2016.05.28"]
[Round "8"]
[White "Kordela, Monika"]
[Black "Lipus, Drahomir"]
[Result "1-0"]
[WhiteElo "1539"]
[BlackElo "1604"]
[PlyCount "69"]
[EventDate "2016.05.21"]
[EventType "swiss"]
[EventRounds "9"]
[EventCountry "CZE"]
[SourceTitle "EXT 2017"]
[Source "ChessBase"]
[SourceDate "2016.10.25"]
[SourceVersion "1"]
[SourceVersionDate "2016.10.25"]
[SourceQuality "1"]

1. d4 Nf6 2. c4 g6 3. Nc3 d5 4. Nf3 Bg7 5. Bf4 c5 6. dxc5 Qa5 7. Bd2 Qxc5 8. cxd5 0-0 9. Qb3 e6 10. dxe6 Nc6 11. exf7+ Kh8 12. e3 Qe7 13. Be2 Be6 14. Qa4 a6 15. 0-0 b5 16. Qh4 Bxf7 17. e4 b4 18. Nd5 Bxd5 19. exd5 Nxd5 20. Qc4 Qd6 21. Rac1 Na5 22. Qc5 Qd8 23. Bg5 Bf6 24. Rfd1 Bxg5 25. Rxd5 Qe7 26. Qxe7 Bxe7 27. Rxa5 Rfe8 28. Rxa6 Rab8 29. Nd4 Bg5 30. Rc2 Rbd8 31. Ne6 Rd2 32. Rxd2 Bxd2 33. g3 Kg8 34. Bc4 Kf7 35. Nc7+ 1-0

[Event "Karvina op"]
[Site "Karvina"]
[Date "2015.07.02"]
[Round "6"]
[White "Lipus, Drahomir"]
[Black "Suchanek, Paulina"]
[Result "0-1"]
[WhiteElo "1553"]
[BlackElo "1477"]
[PlyCount "91"]
[EventDate "2015.06.27"]
[EventType "swiss"]
[EventRounds "9"]
[EventCountry "CZE"]
[SourceTitle "CBM 167 Extra"]
[Source "ChessBase"]
[SourceDate "2015.09.14"]
[SourceVersion "1"]
[SourceVersionDate "2015.09.14"]
[SourceQuality "1"]

1. d4 Nf6 2. c4 e6 3. Nf3 d5 4. Nc3 Bb4 5. e3 Nc6 6. Bd3 0-0 7. 0-0 Re8 8. Qc2 e5 9. dxe5 Nxe5 10. Nxe5 Rxe5 11. cxd5 Bxc3 12. bxc3 Qxd5 13. Rd1 Qc6 14. Bb2 Bg4 15. Re1 Bf3 16. g3 Ng4 17. h4 Bh1 18. Bf1 Rae8 19. c4 R5e6 20. Bd4 Ne5 21. Bxe5 Rxe5 22. f4 Rxe3 23. Rxe3 Rxe3 24. Kh2 g6 25. Qd2 Re8 26. Bh3 Bf3 27. Bf1 Qe6 28. a4 Qe3 29. Qb2 Rd8 30. Ra2 b6 31. Kh3 Be4 32. Qf2 Bf5+ 33. Kh2 Qxf2+ 34. Rxf2 Kf8 35. Bg2 Be6 36. c5 bxc5 37. Bf3 c4 38. Be4 c3 39. f5 gxf5 40. Bxf5 Bb3 41. Kh3 Rd2 42. Rf1 c2 43. Rc1 Bxa4 44. Kg4 Rd1 45. Rxc2 Bxc2 46. Bxc2 0-1

[Event "Karvina op"]
[Site "Karvina"]
[Date "2015.06.29"]
[Round "3"]
[White "Kusak, Lubomir"]
[Black "Lipus, Drahomir"]
[Result "0-1"]
[WhiteElo "1686"]
[BlackElo "1553"]
[PlyCount "42"]
[EventDate "2015.06.27"]
[EventType "swiss"]
[EventRounds "9"]
[EventCountry "CZE"]
[SourceTitle "CBM 167 Extra"]
[Source "ChessBase"]
[SourceDate "2015.09.14"]
[SourceVersion "1"]
[SourceVersionDate "2015.09.14"]
[SourceQuality "1"]

1. e4 c5 2. Nf3 e6 3. c4 Nc6 4. d4 cxd4 5. Nxd4 Nf6 6. Nc3 Bb4 7. Ndb5 Nxe4 8. Qd3 d5 9. Bf4 0-0 10. f3 Nxc3 11. bxc3 Qf6 12. Bc7 Ba5 13. 0-0-0 a6 14. Bxa5 axb5 15. cxb5 Nxa5 16. Qc2 b6 17. Rd4 Bb7 18. Bd3 g6 19. h4 h5 20. g4 Qxf3 21. Be2 Qxh1+ 0-1

[Event "Karvina op"]
[Site "Karvina"]
[Date "2014.06.29"]
[Round "2"]
[White "Lipus, Drahomir"]
[Black "Broda, Michal"]
[Result "0-1"]
[WhiteElo "1558"]
[BlackElo "1804"]
[PlyCount "50"]
[EventDate "2014.06.28"]
[EventType "swiss"]
[EventRounds "9"]
[EventCountry "CZE"]
[SourceTitle "CBM 161 Extra"]
[Source "ChessBase"]
[SourceDate "2014.08.29"]
[SourceVersion "1"]
[SourceVersionDate "2014.08.29"]
[SourceQuality "1"]

1. d4 Nf6 2. c4 e5 3. dxe5 Ng4 4. Bf4 Nc6 5. Nf3 Bb4+ 6. Nbd2 Qe7 7. e3 Ngxe5 8. Nxe5 Nxe5 9. Be2 d6 10. 0-0 Be6 11. Qa4+ Nc6 12. Nf3 Bc5 13. Nd4 Bd7 14. Qd1 0-0-0 15. Bf3 Ne5 16. Bxe5 dxe5 17. Qb3 c6 18. Nc2 g5 19. g4 h5 20. h3 hxg4 21. hxg4 f5 22. gxf5 Bxf5 23. e4 Qh7 24. Rfe1 Qh2+ 25. Kf1 Qxf2# 0-1

[Event "Karvina op"]
[Site "Karvina"]
[Date "2014.06.28"]
[Round "1"]
[White "Sekac, Martin"]
[Black "Lipus, Drahomir"]
[Result "1-0"]
[WhiteElo "2033"]
[BlackElo "1558"]
[PlyCount "58"]
[EventDate "2014.06.28"]
[EventType "swiss"]
[EventRounds "9"]
[EventCountry "CZE"]
[SourceTitle "CBM 161 Extra"]
[Source "ChessBase"]
[SourceDate "2014.08.29"]
[SourceVersion "1"]
[SourceVersionDate "2014.08.29"]
[SourceQuality "1"]

1. e4 c5 2. Nf3 d6 3. d4 cxd4 4. Nxd4 Nf6 5. Nc3 a6 6. Be3 e6 7. f3 Be7 8. Qd2 Nc6 9. g4 0-0 10. 0-0-0 Nxd4 11. Bxd4 b5 12. h4 Bb7 13. Kb1 Qc7 14. h5 b4 15. Ne2 Rac8 16. Ng3 Rfd8 17. g5 Nd7 18. g6 f5 19. h6 Bg5 20. gxh7+ Kf7 21. Qh2 g6 22. exf5 exf5 23. Nxf5 Bf4 24. Bc4+ d5 25. Qh4 Ne5 26. Qxf4 gxf5 27. Qxf5+ Ke7 28. Bxe5 Qxc4 29. Qf6+ Kd7 1-0

[Event "Orlova op-A 11th"]
[Site "Orlova"]
[Date "2014.05.28"]
[Round "3"]
[White "Lipus, Drahomir"]
[Black "Kozelsky, Marek"]
[Result "1/2-1/2"]
[WhiteElo "1568"]
[BlackElo "1929"]
[PlyCount "78"]
[EventDate "2014.05.26"]
[EventType "swiss"]
[EventRounds "9"]
[EventCountry "CZE"]
[SourceTitle "CBM 160 Extra"]
[Source "ChessBase"]
[SourceDate "2014.07.01"]
[SourceVersion "1"]
[SourceVersionDate "2014.07.01"]
[SourceQuality "1"]

1. d4 d5 2. c4 e6 3. Nf3 Nf6 4. Nc3 c6 5. e3 Nbd7 6. Bd3 Bb4 7. 0-0 0-0 8. Qc2 Bd6 9. e4 dxc4 10. Bxc4 e5 11. Bg5 Qc7 12. d5 Nb6 13. Bb3 cxd5 14. Bxf6 gxf6 15. exd5 Rd8 16. Qe4 Bf8 17. Qh4 Bg7 18. Ne4 Nxd5 19. Bxd5 Rxd5 20. Nxf6+ Bxf6 21. Qxf6 Qd6 22. Qe7 Qe6 23. Qh4 Qg4 24. Qh6 e4 25. Ne1 Rh5 26. Qd6 Be6 27. f3 Qg6 28. fxe4 Qxe4 29. Rf3 Rg5 30. Qd2 Rg6 31. Kh1 Re8 32. Nd3 Bg4 33. Re1 Bxf3 34. Rxe4 Bxe4 35. Nf4 Rc6 36. h3 Bg6 37. Qd7 Re4 38. Qxb7 Rc1+ 39. Kh2 Ra4 1/2-1/2

[Event "Ostrava Konik op"]
[Site "Ostrava"]
[Date "2014.05.03"]
[Round "8"]
[White "Gemsova, Tereza"]
[Black "Lipus, Drahomir"]
[Result "0-1"]
[WhiteElo "1272"]
[BlackElo "1568"]
[PlyCount "86"]
[EventDate "2014.04.26"]
[EventType "swiss"]
[EventRounds "9"]
[EventCountry "CZE"]
[SourceTitle "CBM 160 Extra"]
[Source "ChessBase"]
[SourceDate "2014.07.01"]
[SourceVersion "1"]
[SourceVersionDate "2014.07.01"]
[SourceQuality "1"]

1. e4 c5 2. Nf3 d6 3. d4 cxd4 4. Nxd4 Nf6 5. Nc3 a6 6. Bd3 e6 7. Bg5 Be7 8. 0-0 Nc6 9. Nb3 b5 10. a3 Bb7 11. Qf3 Qc7 12. Rad1 0-0 13. Qg3 Kh8 14. Rfe1 g6 15. Qh4 Ng8 16. Bxe7 Qxe7 17. Qg3 Rfd8 18. Ne2 Qf6 19. Qf4 Qg7 20. Nc3 e5 21. Qf3 Bc8 22. Nd5 Nce7 23. c4 Nxd5 24. cxd5 Nh6 25. Nd2 Bg4 26. Qe3 Bxd1 27. Rxd1 Ng4 28. Qb6 Qf6 29. Nf3 h5 30. b3 h4 31. h3 Nh6 32. a4 g5 33. Nh2 bxa4 34. bxa4 Rab8 35. Qxa6 Rb2 36. f3 Rdb8 37. Bb5 Rc2 38. Rf1 Kg7 39. Rd1 Qf4 40. Nf1 Rbc8 41. Rd3 g4 42. hxg4 Nxg4 43. g3 hxg3 0-1

[Event "Ostrava Konik op"]
[Site "Ostrava"]
[Date "2014.04.29"]
[Round "4"]
[White "Bosnak, Ondrej"]
[Black "Lipus, Drahomir"]
[Result "1-0"]
[WhiteElo "1471"]
[BlackElo "1568"]
[PlyCount "67"]
[EventDate "2014.04.26"]
[EventType "swiss"]
[EventRounds "9"]
[EventCountry "CZE"]
[SourceTitle "CBM 160 Extra"]
[Source "ChessBase"]
[SourceDate "2014.07.01"]
[SourceVersion "1"]
[SourceVersionDate "2014.07.01"]
[SourceQuality "1"]

1. d4 Nf6 2. c4 c5 3. Nf3 cxd4 4. Nxd4 Nc6 5. e3 e6 6. Nc3 Be7 7. Bd3 0-0 8. 0-0 a6 9. Nf3 Nb4 10. Be2 Qc7 11. a3 Nc6 12. h3 Rd8 13. e4 b6 14. Be3 Bb7 15. Na4 Bc5 16. Bxc5 bxc5 17. Nxc5 d5 18. exd5 exd5 19. Nxb7 Qxb7 20. Qc2 Rac8 21. Rfd1 Ne7 22. b3 Ng6 23. Rab1 Nf4 24. Bf1 Qa7 25. Qf5 N6h5 26. Rxd5 g6 27. Rxd8+ Rxd8 28. Qc2 Re8 29. Re1 Rxe1 30. Nxe1 Ng3 31. Bd3 Qd4 32. c5 Qa1 33. Qb1 Nxd3 34. Qxa1 1-0

[Event "Ostrava Konik op"]
[Site "Ostrava"]
[Date "2014.04.26"]
[Round "1"]
[White "Lipus, Drahomir"]
[Black "Sladek, Vladislav"]
[Result "0-1"]
[WhiteElo "1568"]
[BlackElo "1987"]
[PlyCount "114"]
[EventDate "2014.04.26"]
[EventType "swiss"]
[EventRounds "9"]
[EventCountry "CZE"]
[SourceTitle "CBM 160 Extra"]
[Source "ChessBase"]
[SourceDate "2014.07.01"]
[SourceVersion "1"]
[SourceVersionDate "2014.07.01"]
[SourceQuality "1"]

1. d4 d5 2. c4 e5 3. dxe5 d4 4. g3 Nc6 5. Nf3 Nge7 6. Bg2 Ng6 7. 0-0 Ngxe5 8. Nbd2 Be7 9. b3 0-0 10. Bb2 Re8 11. a3 a5 12. Rc1 Nxf3+ 13. Nxf3 Bf6 14. Nd2 Bg4 15. Ne4 Be5 16. f4 d3 17. fxe5 dxe2 18. Qxd8 exf1Q+ 19. Rxf1 Raxd8 20. Ng5 Bh5 21. Bd5 Rxd5 22. cxd5 Nxe5 23. Re1 f6 24. Bxe5 Rxe5 25. Rxe5 fxe5 26. Ne6 Bf3 27. Nxc7 Kf7 28. d6 Bc6 29. b4 a4 30. b5 Bd7 31. Kf2 Kf6 32. Kf3 h5 33. Ke4 g5 34. Nd5+ Ke6 35. Nc3 Kxd6 36. b6 Ke6 37. Na2 Bc6+ 38. Ke3 Kd6 39. Nc3 Kc5 40. Ne4+ Bxe4 41. Kxe4 Kxb6 42. Kxe5 Kc5 43. Kf5 b5 44. Kxg5 b4 45. axb4+ Kxb4 46. Kxh5 a3 47. g4 a2 48. g5 a1Q 49. h4 Kc5 50. g6 Kd5 51. g7 Qg1 52. Kh6 Ke6 53. h5 Qe3+ 54. Kh7 Qe4+ 55. Kh8 Qe5 56. Kh7 Qxh5+ 57. Kg8 Kf6 0-1

[Event "Havirov op 14th"]
[Site "Havirov"]
[Date "2013.09.01"]
[Round "9"]
[White "Lipus, Drahomir"]
[Black "Repak, Jan"]
[Result "0-1"]
[WhiteElo "1564"]
[BlackElo "1622"]
[PlyCount "96"]
[EventDate "2013.08.24"]
[EventType "swiss"]
[EventRounds "9"]
[EventCountry "CZE"]
[SourceTitle "CBM 156 Extra"]
[Source "ChessBase"]
[SourceDate "2013.10.22"]
[SourceVersion "1"]
[SourceVersionDate "2013.10.22"]
[SourceQuality "1"]

1. d4 Nf6 2. c4 g6 3. Nc3 d5 4. cxd5 Nxd5 5. e4 Nxc3 6. bxc3 Bg7 7. Bc4 0-0 8. Ne2 c5 9. Be3 cxd4 10. cxd4 Nc6 11. 0-0 Bd7 12. Rc1 a6 13. e5 Na5 14. Bd3 b5 15. h4 Rc8 16. h5 Nc4 17. Bxc4 Rxc4 18. Qd2 Re8 19. f4 f6 20. hxg6 hxg6 21. f5 Bxf5 22. Ng3 Be6 23. Rfe1 Rxc1 24. Qxc1 Bxa2 25. Qc6 Qc8 26. Rc1 Bc4 27. Qb6 Qe6 28. Qxe6+ Bxe6 29. Rc6 Bc4 30. Rxa6 e6 31. exf6 Bxf6 32. Ne4 Bh8 33. Nd6 Re7 34. Ra8+ Kh7 35. Ne4 Rd7 36. Ng5+ Kg7 37. Bf4 b4 38. Be5+ Kh6 39. Nf7+ Rxf7 40. Rxh8+ Kg5 41. g3 Rb7 42. Bf4+ Kf5 43. Kf2 b3 44. Ke3 b2 45. Rh4 Rb3+ 46. Kf2 b1Q 47. g4+ Kxf4 48. g5+ Kxg5 0-1

[Event "Havirov op 14th"]
[Site "Havirov"]
[Date "2013.08.28"]
[Round "5"]
[White "Hricko, Martin"]
[Black "Lipus, Drahomir"]
[Result "1-0"]
[WhiteElo "1961"]
[BlackElo "1564"]
[PlyCount "73"]
[EventDate "2013.08.24"]
[EventType "swiss"]
[EventRounds "9"]
[EventCountry "CZE"]
[SourceTitle "CBM 156 Extra"]
[Source "ChessBase"]
[SourceDate "2013.10.22"]
[SourceVersion "1"]
[SourceVersionDate "2013.10.22"]
[SourceQuality "1"]

1. e4 c5 2. c3 d5 3. exd5 Qxd5 4. d4 g6 5. Nf3 Bg7 6. Be2 cxd4 7. cxd4 Nf6 8. Nc3 Qd8 9. Bf4 Be6 10. Ng5 Bd5 11. Bxb8 Rxb8 12. 0-0 0-0 13. Qa4 a6 14. Nxd5 Nxd5 15. Rfd1 e6 16. Ne4 Re8 17. Rac1 Bf8 18. Bf3 Qb6 19. b3 Red8 20. Nc5 Bh6 21. Rc2 Qd6 22. b4 Ra8 23. Nxb7 Qxb4 24. Qxb4 Nxb4 25. Nxd8 Rxd8 26. Rb2 a5 27. a3 Nd5 28. Bxd5 Rxd5 29. a4 Bf8 30. Rb5 Bb4 31. Rxd5 exd5 32. Kf1 Kg7 33. Ke2 h5 34. Rb1 f5 35. Rxb4 axb4 36. a5 b3 37. Kd2 1-0

[Event "Havirov op 14th"]
[Site "Havirov"]
[Date "2013.08.26"]
[Round "3"]
[White "Lipus, Drahomir"]
[Black "Chwistek, Karel"]
[Result "1/2-1/2"]
[WhiteElo "1564"]
[BlackElo "1670"]
[PlyCount "122"]
[EventDate "2013.08.24"]
[EventType "swiss"]
[EventRounds "9"]
[EventCountry "CZE"]
[SourceTitle "CBM 156 Extra"]
[Source "ChessBase"]
[SourceDate "2013.10.22"]
[SourceVersion "1"]
[SourceVersionDate "2013.10.22"]
[SourceQuality "1"]

1. d4 Nf6 2. c4 g6 3. Nc3 Bg7 4. e4 0-0 5. f3 d6 6. Be3 Nbd7 7. Qd2 c5 8. Nge2 cxd4 9. Nxd4 Nc5 10. g4 b6 11. h4 Bb7 12. Be2 e6 13. h5 d5 14. hxg6 fxg6 15. b4 e5 16. Nc2 d4 17. bxc5 bxc5 18. Bh6 dxc3 19. Qxc3 Qc7 20. Ne3 Bc6 21. Nd5 Bxd5 22. cxd5 Nd7 23. Bc4 Qd6 24. Qe3 Nb6 25. Bxg7 Kxg7 26. Qh6+ Kf6 27. Bb5 Rh8 28. Rh5 Raf8 29. Rf5+ Ke7 30. Qg7+ Kd8 31. Rxe5 Rhg8 32. Qxa7 Qxe5 33. Qxb6+ Qc7 34. Qxc7+ Kxc7 35. Ke2 h5 36. Ke3 hxg4 37. fxg4 g5 38. e5 Rg6 39. a4 Kb6 40. Bc6 Rxc6 41. dxc6 Kxc6 42. a5 Kd5 43. a6 Kxe5 44. a7 Ra8 45. Ra5 Kd5 46. Kd3 Kc6 47. Kc4 Kb6 48. Ra1 Kc6 49. Ra6+ Kb7 50. Kb5 c4 51. Ra3 c3 52. Rxc3 Rxa7 53. Rc5 Ra8 54. Rxg5 Kc7 55. Rg7+ Kd6 56. g5 Ke6 57. Kb6 Ra1 58. Rg8 Kf7 59. Rc8 Rb1+ 60. Ka5 Rg1 61. Rc5 Kg6 1/2-1/2

[Event "Karvina op"]
[Site "Karvina"]
[Date "2013.07.07"]
[Round "9"]
[White "Szotkowski, David"]
[Black "Lipus, Drahomir"]
[Result "0-1"]
[WhiteElo "1317"]
[BlackElo "1577"]
[PlyCount "44"]
[EventDate "2013.06.29"]
[EventType "swiss"]
[EventRounds "9"]
[EventCountry "CZE"]
[SourceTitle "CBM 155 Extra"]
[Source "ChessBase"]
[SourceDate "2013.08.26"]
[SourceVersion "1"]
[SourceVersionDate "2013.08.26"]
[SourceQuality "1"]

1. e4 c5 2. Nc3 d6 3. f4 g6 4. Nf3 Bg7 5. Bb5+ Bd7 6. Bxd7+ Qxd7 7. 0-0 Nc6 8. d3 Nh6 9. Qe1 0-0 10. Qh4 f5 11. Nd5 e6 12. Nc3 Nd4 13. Nxd4 Bxd4+ 14. Kh1 Bg7 15. Bd2 b5 16. a3 a5 17. exf5 Nxf5 18. Qf2 Rab8 19. Rae1 Bd4 20. Qe2 Rbe8 21. Bc1 Qg7 22. Nxb5 Ng3+ 0-1

[Event "Karvina op"]
[Site "Karvina"]
[Date "2013.06.30"]
[Round "2"]
[White "Kostka, Vit"]
[Black "Lipus, Drahomir"]
[Result "1-0"]
[WhiteElo "1883"]
[BlackElo "1577"]
[PlyCount "68"]
[EventDate "2013.06.29"]
[EventType "swiss"]
[EventRounds "9"]
[EventCountry "CZE"]
[SourceTitle "CBM 155 Extra"]
[Source "ChessBase"]
[SourceDate "2013.08.26"]
[SourceVersion "1"]
[SourceVersionDate "2013.08.26"]
[SourceQuality "1"]

1. e4 c5 2. Nf3 d6 3. d4 cxd4 4. Nxd4 Nf6 5. Nc3 a6 6. Bg5 e6 7. f4 Be7 8. Qf3 Qb6 9. 0-0-0 Nc6 10. Nb3 0-0 11. Bxf6 Bxf6 12. Rxd6 Qc7 13. e5 Be7 14. Rd1 b5 15. Bd3 Bb7 16. Qh3 g6 17. Qh6 Rfe8 18. Ne4 f5 19. exf6 Bf8 20. Qh4 Nb4 21. Ng5 Nxd3+ 22. Rxd3 h6 23. f7+ Kg7 24. fxe8Q Rxe8 25. Rhd1 Bc8 26. Ne4 Be7 27. Qf2 Rf8 28. Qd4+ Kg8 29. Qe5 Qb6 30. g4 a5 31. Rh3 Kh7 32. Ng5+ Bxg5 33. fxg5 h5 34. gxh5 Rf5 1-0

[Event "Karvina op"]
[Site "Karvina"]
[Date "2013.06.29"]
[Round "1"]
[White "Lipus, Drahomir"]
[Black "Weissmann, Lukas"]
[Result "0-1"]
[WhiteElo "1577"]
[BlackElo "2136"]
[PlyCount "97"]
[EventDate "2013.06.29"]
[EventType "swiss"]
[EventRounds "9"]
[EventCountry "CZE"]
[SourceTitle "CBM 155 Extra"]
[Source "ChessBase"]
[SourceDate "2013.08.26"]
[SourceVersion "1"]
[SourceVersionDate "2013.08.26"]
[SourceQuality "1"]

1. d4 Nf6 2. c4 g6 3. Nc3 d5 4. cxd5 Nxd5 5. e4 Nxc3 6. bxc3 Bg7 7. Bc4 c5 8. Be3 0-0 9. Ne2 Nc6 10. 0-0 Na5 11. Bd3 b6 12. Rc1 Qc7 13. f4 f5 14. exf5 Bxf5 15. Bxf5 Rxf5 16. Ng3 Rd5 17. Qg4 Qd7 18. Qxd7 Rxd7 19. f5 Nc4 20. Bf2 cxd4 21. cxd4 b5 22. fxg6 hxg6 23. Rfe1 Rad8 24. Ne2 Kf7 25. h4 Bh6 26. Rc3 Rd6 27. g4 Bd2 28. Rf3+ Rf6 29. Rxf6+ exf6 30. Rd1 Rd6 31. Ng3 Ra6 32. a3 Rxa3 33. Ne4 Bf4 34. d5 Nd6 35. Nc5 Bg3 36. Ne6 Bxf2+ 37. Kxf2 Ne4+ 38. Kg2 Ke7 39. Kh2 Kd6 40. Nf4 g5 41. hxg5 Ra2+ 42. Kg1 fxg5 43. Nd3 Rd2 44. Rxd2 Nxd2 45. Kf2 Kxd5 46. Ke2 Nc4 47. Nb4+ Kc5 48. Na6+ Kd4 49. Nb8 0-1